Normal view
MARC view
- عالم عربي-تراجم -عصر النهضةالعربية1798/1930
Entry Topical Term
001 - CONTROL NUMBER
- control field: 9263
003 - CONTROL NUMBER IDENTIFIER
- control field: JO-AjAnu
005 - DATE AND TIME OF LATEST TRANSACTION
- control field: 20230606071806.0
008 - FIXED-LENGTH DATA ELEMENTS
- fixed length control field: 230606|| aca||aabn | a|a d
040 ## - CATALOGING SOURCE
- Original cataloging agency: JO-AjAnu
- Transcribing agency: JO-AjAnu
150 ## - HEADING--TOPICAL TERM
- Topical term or geographic name entry element: عالم عربي-تراجم -عصر النهضةالعربية1798/1930
670 ## - SOURCE DATA FOUND
- Source citation: Work cat.: (JO-AjAnu)4776: أحمد، صلاح زكي, author 9262, قادة الفكر العربي: عصر النهضة العربية 1798/1930